|
|
|
|
| LEADER |
02223nam a2200601 a 4500 |
| 001 |
nkc20081822274 |
| 003 |
CZ PrNK |
| 005 |
20081212082024.0 |
| 007 |
ta |
| 008 |
081003s2008 xr e 000 1 cze |
| 015 |
|
|
|a cnb001822274
|
| 020 |
|
|
|a 978-80-903016-5-8
|q (váz.)
|
| 035 |
|
|
|a (OCoLC)276817854
|
| 040 |
|
|
|a OLA001
|b cze
|
| 041 |
1 |
|
|a cze
|h eng
|
| 072 |
|
7 |
|a 27
|x Křesťanství. Křesťanská církev všeobecně. Eklesiologie
|2 Konspekt
|9 5
|
| 080 |
|
|
|a 27-184.3
|2 MRF
|
| 080 |
|
|
|a 616-036.82/.86
|2 MRF
|
| 080 |
|
|
|a 615.852+615.851.8
|2 MRF
|
| 080 |
|
|
|a 27
|2 MRF
|
| 080 |
|
|
|a 27-184
|2 MRF
|
| 080 |
|
|
|a 2-312.6-584.5
|2 MRF
|
| 080 |
|
|
|a 27-277.2
|2 MRF
|
| 080 |
|
|
|a (0:82-5)
|2 MRF
|
| 100 |
1 |
|
|a Bosworth, F. F.
|q (Fred Francis),
|d 1877-1958
|7 mzk2008473205
|4 aut
|
| 245 |
1 |
0 |
|a Kristus Uzdravitel /
|c F.F. Bosworth ; [překlad Martin Kozohorský]
|
| 250 |
|
|
|a 1. vyd.
|
| 260 |
|
|
|a Borotice :
|b Vydavatelství triumfální víry,
|c 2008
|
| 300 |
|
|
|a 235 s. ;
|c 21 cm
|
| 500 |
|
|
|a Přeloženo z angličtiny
|
| 500 |
|
|
|a 1000 výt.
|
| 504 |
|
|
|a Obsahuje bibliografické odkazy
|
| 650 |
0 |
7 |
|a křesťanská víra
|7 ph122113
|2 czenas
|
| 650 |
0 |
7 |
|a uzdravování
|7 ph126963
|x křesťanské pojetí
|2 czenas
|
| 650 |
0 |
7 |
|a duchovní léčení
|7 ph135727
|x křesťanské pojetí
|2 czenas
|
| 650 |
0 |
7 |
|a Bůh a člověk
|7 ph116953
|2 czenas
|
| 650 |
0 |
7 |
|a vnitřní konverze (náboženství)
|7 ph127150
|2 czenas
|
| 650 |
0 |
7 |
|a biblické citáty
|7 ph118853
|2 czenas
|
| 650 |
0 |
9 |
|a Christian faith
|2 eczenas
|
| 650 |
0 |
9 |
|a healing
|x Christian approach
|2 eczenas
|
| 650 |
0 |
9 |
|a spiritual healing
|x Christian approach
|2 eczenas
|
| 650 |
0 |
9 |
|a relations between God and man
|2 eczenas
|
| 650 |
0 |
9 |
|a interior conversion
|2 eczenas
|
| 650 |
0 |
9 |
|a Biblical quotations
|2 eczenas
|
| 655 |
|
7 |
|a kázání
|7 fd131846
|2 czenas
|
| 655 |
|
9 |
|a sermons
|2 eczenas
|
| 765 |
0 |
|
|t Christ the healer
|9 Česky
|
| 856 |
4 |
1 |
|u http://www.digitalniknihovna.cz/mzk/uuid/uuid:c07c56d0-6722-11e3-8561-005056827e52
|y Digitalizovaný dokument
|x NDK
|
| 910 |
2 |
|
|a BOA001
|b 2-1212.250
|
| 990 |
|
|
|a BK
|
| 995 |
|
|
|a 01
|
| 991 |
|
|
|b 200810
|c NOV
|
| 996 |
6 |
|
|b 2610357615
|c 2-1212.250
|l MZK
|r Sklad / do 1 hodiny
|n 1
|p p.v.
|w 000916030
|u 000010
|a 1
|e BOA001
|j MZK50
|s P
|